[Event "Open"]
[Site "Liberec CZE"]
[Date "2009.10.26"]
[Round "3"]
[White "Dadello,Al"]
[Black "Braun,Eri"]
[Result "1-0"]
[WhiteElo "1756"]
[BlackElo "1861"]

1.e4 c5 2.Nf3 d6 3.d4 cxd4 4.Nxd4 Nf6 5.Nc3 Nc6 6.Bg5 e6 7.Qd2 Be7 8.O-O-O a6
9.f4 O-O 10.Bxf6 gxf6 11.f5 Nxd4 12.Qxd4 Bd7 13.g4 Qa5 14.h4 Rac8 15.Qe3 Rxc3
16.bxc3 Qxa2 17.g5 Ba4 18.Bd3 Rc8 19.Kd2 Qb2 20.Rhg1 fxg5 21.hxg5 Qxc3+ 22.Ke2 Qe5
23.g6 Qh2+ 24.Kf1 fxg6 25.Rd2 Qe5 26.fxg6 Rf8+ 27.Rf2 Rxf2+ 28.Qxf2 hxg6
29.Rxg6+ Kh7 30.Qf7+  1-0

[Event "17th TCh-Eur"]
[Site "Novi Sad SRB"]
[Date "2009.10.27"]
[Round "6"]
[White "Vuckovic,Bo"]
[Black "Balogh,C"]
[Result "1-0"]
[WhiteElo "2600"]
[BlackElo "2620"]

1.e4 c5 2.Nf3 d6 3.d4 cxd4 4.Nxd4 Nf6 5.Nc3 Nc6 6.Bg5 e6 7.Qd2 Be7 8.O-O-O a6
9.f4 Nxd4 10.Qxd4 b5 11.Bxf6 gxf6 12.Bd3 Qa5 13.Kb1 b4 14.Ne2 Qc5 15.Bc4 Bb7
16.Rhe1 Rc8 17.Bb3 Rg8 18.g3 a5 19.Qd3 Bc6 20.Nd4 Bd7 21.f5 e5 22.Ne2 a4
23.Bd5 Kf8 24.c3 bxc3 25.Rc1 Kg7 26.Nxc3 a3 27.Bb3 Bc6 28.Nd5 Qa7 29.bxa3 Rgd8
30.g4 Bf8 31.h4 Qxa3 32.g5 fxg5 33.hxg5 Ba4 34.Nb6 Bxb3 35.Qxb3 Qxb3+ 36.axb3 Rb8
37.Rc6 Rb7 38.Re3 Rdb8 39.Nd5 Rxb3+ 40.Rxb3 Rxb3+ 41.Kc2 Rb8 42.Rc7 Kg8 43.Nf6+ Kg7
44.Nh5+ Kg8 45.g6 hxg6 46.fxg6 d5 47.exd5 Rb6 48.gxf7+ Kh7 49.Rc8 Ba3 50.f8=Q Bxf8
51.Rxf8 Kg6 52.Kc3 Kxh5 53.Rf5+ Kg6 54.Rxe5 Kf6 55.Re1  1-0

[Event "17th TCh-Eur"]
[Site "Novi Sad SRB"]
[Date "2009.10.27"]
[Round "6"]
[White "Gallagher,Jo"]
[Black "Jankovic,A"]
[Result "1/2-1/2"]
[WhiteElo "2464"]
[BlackElo "2548"]

1.e4 c5 2.Nf3 d6 3.d4 cxd4 4.Nxd4 Nf6 5.Nc3 Nc6 6.Bg5 e6 7.Qd2 a6 8.O-O-O Bd7
9.f4 b5 10.Bxf6 gxf6 11.Kb1 Qb6 12.Nxc6 Bxc6 13.f5 Qc5 14.Bd3 b4 15.Ne2 e5
16.Ng3 h5 17.h4 Bh6 18.Qe2 Qe3 19.Nxh5 Ke7 20.Qf1 Bxe4 21.Rh3 Bxd3 22.Rxd3 Qc1+
23.Qxc1 Bxc1 24.Nxf6 Kxf6 25.Kxc1 Rag8 26.Rxd6+ Kxf5 27.Rf3+ Ke4 28.Rxf7 Rxg2
29.Rf1 Rxh4 30.Re1+ Kf5 31.Rf1+  1/2-1/2

[Event "17th TCh-Eur"]
[Site "Novi Sad SRB"]
[Date "2009.10.28"]
[Round "7"]
[White "Pikula,D"]
[Black "Lupulescu,C"]
[Result "0-1"]
[WhiteElo "2562"]
[BlackElo "2599"]

1.e4 c5 2.Nf3 d6 3.d4 cxd4 4.Nxd4 Nf6 5.Nc3 Nc6 6.Bg5 e6 7.Qd2 a6 8.O-O-O Bd7
9.f3 Be7 10.h4 h6 11.Be3 h5 12.Bg5 Qc7 13.Kb1 Nxd4 14.Qxd4 b5 15.Qd2 b4 16.Ne2 a5
17.Ng3 Bc6 18.Qe1 Qb7 19.Bc4 a4 20.Qe2 Ra5 21.Rhe1 O-O 22.f4 d5 23.Bxf6 Bxf6
24.e5 dxc4 25.exf6 b3 26.Qxc4 bxa2+ 27.Kxa2 Rb8 28.Qc3 g6 29.Rd8+ Rxd8 30.Qxa5 Rd4
31.Qe5 Qd7 32.Qb8+  0-1

[Event "8th TCh-Eur w"]
[Site "Novi Sad SRB"]
[Date "2009.10.29"]
[Round "8"]
[White "Carlsen,E"]
[Black "Novkovic,J"]
[Result "0-1"]
[WhiteElo "1904"]
[BlackElo "2077"]

1.e4 c5 2.Nf3 Nc6 3.d4 cxd4 4.Nxd4 Nf6 5.Nc3 d6 6.Bg5 e6 7.Qd2 a6 8.O-O-O Bd7
9.f4 Qc7 10.Kb1 Na5 11.Qe1 Nc6 12.Nf3 b5 13.a3 b4 14.axb4 Nxb4 15.Bxf6 gxf6
16.Bd3 Nxd3 17.Rxd3 Be7 18.f5 Rb8 19.fxe6 fxe6 20.Ne2 O-O 21.Nh4 Rb5 22.Rg3+ Rg5
23.Rxg5+ fxg5 24.Qg3 Qc5 25.Nf3 Qe3 26.Ned4 Rb8 27.h4 Qf4 28.Qe1 g4 29.Ng5 Qe5
30.c3 Rc8 31.Qe2 h6 32.Qxg4 hxg5 33.hxg5 Qxg5 34.Qe2 e5 35.Nf3 Qg6 36.Qd3 Bc6
37.Qc4+ Kg7 38.Qxa6 Bxe4+ 39.Kc1 Ra8  0-1

[Event "17th TCh-Eur"]
[Site "Novi Sad SRB"]
[Date "2009.10.29"]
[Round "8"]
[White "Perunovic,Mil"]
[Black "Gallagher,Jo"]
[Result "1/2-1/2"]
[WhiteElo "2572"]
[BlackElo "2464"]

1.e4 c5 2.Nf3 d6 3.d4 cxd4 4.Nxd4 Nf6 5.Nc3 Nc6 6.Bg5 e6 7.Qd2 a6 8.O-O-O Bd7
9.f3 h6 10.Be3 b5 11.Nxc6 Bxc6 12.Ne2 Bb7 13.Nd4 Qc7 14.g4 e5 15.Nf5 d5 16.exd5 Nxd5
17.Bd3 O-O-O 18.Be4 g6 19.Ng3 Bb4 20.Qf2 h5 21.Kb1 hxg4 22.fxg4 Nxe3 23.Qxe3 Rxd1+
24.Rxd1 Rxh2 25.Nf1 Rh8 26.Bxb7+ Qxb7 27.a3 Ba5 28.Qxe5 Rd8 29.Qc5+ Kb8 30.Rxd8+ Bxd8
31.Qd6+ Bc7 32.Qf8+ Qc8 33.Qxf7 Qxg4 34.Qe8+ Kb7 35.Ne3 Qf3 36.Qe6 Qc6 37.Qf7 Qh1+
38.Ka2 Qe4 39.Nd5 Qxc2 40.Nxc7 Qxc7  1/2-1/2

[Event "WJun"]
[Site "Puerto Madryn ARG"]
[Date "2009.10.29"]
[Round "8"]
[White "Ocampos,I"]
[Black "Kokol,P"]
[Result "0-1"]
[WhiteElo "2047"]
[BlackElo "2322"]

1.e4 c5 2.Nf3 Nc6 3.d4 cxd4 4.Nxd4 Nf6 5.Nc3 d6 6.Bg5 e6 7.Qd2 a6 8.O-O-O Bd7
9.f4 b5 10.Nf3 b4 11.Bxf6 gxf6 12.Ne2 h5 13.Kb1 Qb6 14.Nc1 a5 15.Bc4 a4 16.f5 Na5
17.fxe6 fxe6 18.Be2 b3 19.cxb3 axb3 20.a3 Rc8 21.Qf4 Qf2 22.Rd2 Rc2 23.Qxf6 Rh6
24.Qg5 Qc5 25.Qxc5 Rxc5 26.Nd3 Rc8 27.Nf4 Nc4 28.Rd3 Bc6 29.Rxb3 Bxe4+ 30.Ka2 e5
31.Bxc4 Rxc4 32.Nd2 Ra4 33.Nxe4 Rxe4 34.Nd5 Rd4 35.Rb5 Kd7 36.Rf1 Kc6 37.Nc3 Be7
38.Rb8 e4 39.Nb5 Rd2 40.Rc1+ Kd5 41.Nc3+ Ke5 42.Nxe4 Rxg2 43.Re1 Bh4 44.Ng3+ Kf6
45.Rf1+ Kg5 46.Ne4+ Kg4 47.Rg8+ Kh3 48.Rxg2 Kxg2 49.Rd1 Kxh2 50.Rxd6 Rxd6
51.Nxd6 Kg2 52.b4 Bf2 53.b5 h4 54.Ne4 Be3 55.Nf6 Kf3 56.Nd5 Bc5 57.b6 h3
58.a4 h2 59.Kb3 h1=Q 60.Kc4 Qc1+ 61.Kb5 Ke4 62.Nc7 Bd6 63.Na6 Kd5 64.b7 Qc6+
65.Ka5 Qxb7 66.Nc5 Bc7+  0-1

[Event "WJun"]
[Site "Puerto Madryn ARG"]
[Date "2009.10.29"]
[Round "8"]
[White "Ashwin,J"]
[Black "Leon Hoyos,M"]
[Result "0-1"]
[WhiteElo "2451"]
[BlackElo "2516"]

1.e4 c5 2.Nf3 d6 3.d4 cxd4 4.Nxd4 Nf6 5.Nc3 Nc6 6.Bg5 e6 7.Qd2 a6 8.O-O-O Be7
9.f3 Nxd4 10.Qxd4 b5 11.Kb1 Bb7 12.h4 O-O 13.g4 Rc8 14.Be3 Qa5 15.g5 Nd7
16.h5 b4 17.Ne2 Ne5 18.Rh3 Rc4 19.Qd2 Nxf3 20.Rxf3 Bxe4 21.Nc1 Rxc2 22.Qxc2 Bxc2+
23.Kxc2 Bxg5 24.Nb3 Qe5 25.Bxg5 Qxg5 26.Rxd6 a5 27.Bc4 Rc8 28.Nd2 Qxh5 29.Rfd3 g6
30.b3 Kg7 31.Ra6 Qe5 32.Nf3 Qb5 33.Ra7 a4 34.Kd2 Qc5 35.Rdd7 Qf2+ 36.Be2 Rd8
37.Nd4 Rxd7 38.Rxd7 axb3 39.axb3 Kf6 40.Nc2 Qc5 41.Bc4 h5 42.Ne3 h4 43.Ke2 h3
44.Rd1 Qh5+ 45.Kf2 g5 46.Rf1 Ke5 47.Kg1 Qh4 48.Kh2 g4 49.Rxf7 g3+ 50.Kg1 Qe4  0-1

[Event "13th OIBM"]
[Site "Bad Wiessee GER"]
[Date "2009.11.01"]
[Round "2"]
[White "Brychcy,F"]
[Black "Brodsky,M"]
[Result "0-1"]
[WhiteElo "2152"]
[BlackElo "2530"]

1.e4 c5 2.Nf3 d6 3.d4 cxd4 4.Nxd4 Nf6 5.Nc3 Nc6 6.Bg5 e6 7.Qd2 Be7 8.O-O-O a6
9.Be2 Bd7 10.f4 b5 11.Bf3 Rc8 12.e5 dxe5 13.Nxc6 Bxc6 14.Bxc6+ Rxc6 15.Qxd8+ Bxd8
16.fxe5 Nd7 17.Bxd8 Kxd8 18.Rhf1 Rf8 19.Rd6 Kc7 20.Rxc6+ Kxc6 21.Re1 Rc8
22.Nd1 Nc5 23.Ne3 Kb6 24.Rd1 Rc7 25.Rd6+ Kb7 26.Rd8 h5 27.g4 h4 28.Rh8 Nd3+
29.Kb1 Nxe5 30.Rxh4 g5 31.Rh7 Nf3 32.Rh3 Nh4 33.Rg3 Kc6 34.Kc1 Kd6 35.Kd2 Ke5
36.Ke2 Ke4 37.c3 Ng6 38.Rg1 Nf4+ 39.Kf2 Nh3+  0-1

[Event "IV Open"]
[Site "Bogota COL"]
[Date "2009.11.01"]
[Round "7"]
[White "Perez Garcia,Rodn"]
[Black "Alvarez,Ja"]
[Result "1/2-1/2"]
[WhiteElo "2446"]
[BlackElo "2158"]

1.e4 c5 2.Nf3 d6 3.d4 cxd4 4.Nxd4 Nf6 5.Nc3 Nc6 6.Bg5 e6 7.Qd2 a6 8.O-O-O Bd7
9.f4 b5 10.Bxf6 gxf6 11.f5 h5 12.Kb1 Qb6 13.Nxc6 Bxc6 14.fxe6 fxe6 15.Qf4 Be7
16.g3 Qc5 17.Bh3 b4 18.Ne2 Qe5 19.Nd4 Bxe4 20.Rhe1 f5 21.Qxe5 dxe5 22.Nxe6 Kf7
23.Nc7 Rac8 24.Rxe4 fxe4 25.Be6+ Kg6 26.Bxc8 Rxc8 27.Nd5 Bc5 28.c3 bxc3 29.Nxc3 e3
30.Kc2 Kf5 31.h3 Bd4 32.Rf1+ Ke6 33.Kd3 Rb8 34.b3 Rg8 35.Ne4 Rg6 36.Rf8 Kd5
37.Rd8+ Kc6 38.Rh8 Kd5 39.Rd8+ Kc6 40.Rh8  1/2-1/2

[Event "13th OIBM"]
[Site "Bad Wiessee GER"]
[Date "2009.11.02"]
[Round "3"]
[White "Berchtenbreiter,M"]
[Black "Bykhovsky,An ISR"]
[Result "1-0"]
[WhiteElo "2230"]
[BlackElo "2474"]

1.e4 c5 2.Nf3 Nc6 3.d4 cxd4 4.Nxd4 Nf6 5.Nc3 d6 6.Bg5 e6 7.Qd2 a6 8.O-O-O h6
9.Bf4 Bd7 10.Nxc6 Bxc6 11.Qe1 Qa5 12.Kb1 O-O-O 13.f3 b5 14.Qf2 Kb7 15.Bd3 d5
16.Be5 dxe4 17.Bxf6 gxf6 18.Bxe4 Bxe4 19.Nxe4 Be7 20.Nc5+ Kc6 21.Nb3 Qb6
22.Qe2 f5 23.c4 bxc4 24.Qxc4+ Kb7 25.a4 Bf6 26.Rxd8 Rxd8 27.Rc1 a5 28.g3 h5
29.Ka2 Rb8 30.Qc5 Ka7 31.Qxb6+ Kxb6 32.Rc5 Rd8 33.Rb5+ Kc7 34.Rxa5 Kb6 35.Rb5+ Kc7
36.a5 Be7 37.a6 Ra8 38.Rb7+ Kd6 39.a7 e5 40.Kb1 Bd8 41.Rb8  1-0

[Event "13th OIBM"]
[Site "Bad Wiessee GER"]
[Date "2009.11.02"]
[Round "4"]
[White "Zude,A"]
[Black "Tillmann,Mark"]
[Result "1-0"]
[WhiteElo "2461"]
[BlackElo "2192"]

1.e4 c5 2.Nf3 d6 3.d4 cxd4 4.Nxd4 Nf6 5.Nc3 Nc6 6.Bg5 e6 7.Qd2 a6 8.O-O-O Bd7
9.f4 h6 10.Bh4 g5 11.fxg5 Ng4 12.Nxc6 Bxc6 13.Be2 Ne5 14.g3 Ng6 15.Rhf1 Nxh4
16.gxh4 hxg5 17.hxg5 Be7 18.Rg1 Qa5 19.Qf4 b5 20.e5 b4 21.exd6 bxc3 22.dxe7 Qxa2
23.Rd8+ Rxd8 24.exd8=Q+ Kxd8 25.Rd1+ Kc8 26.bxc3 Qa3+ 27.Kd2 Rh3 28.Qe5 Bd5
29.Bg4 Rh4 30.Qxd5 Rxg4 31.Qc6+ Kd8 32.Ke2+ Ke7 33.Qc7+  1-0

[Event "Russia Cup"]
[Site "St Petersburg RUS"]
[Date "2009.11.06"]
[Round "2.5"]
[White "Frolyanov,D"]
[Black "Savchenko,B"]
[Result "1-0"]
[WhiteElo "2571"]
[BlackElo "2644"]

1.e4 c5 2.Nf3 Nc6 3.d4 cxd4 4.Nxd4 Nf6 5.Nc3 d6 6.Bg5 Bd7 7.Qd2 Nxd4 8.Qxd4 Qa5
9.Bd2 Qc7 10.Bc4 e6 11.Bg5 Be7 12.Nb5 Qc6 13.Bxf6 Bxf6 14.Nxd6+ Ke7 15.e5 Bxe5
16.Nf5+ exf5 17.Qxe5+ Be6 18.Bb3 Qe4+ 19.Qxe4 fxe4 20.O-O-O Rhd8 21.Rxd8 Rxd8
22.Re1 Bxb3 23.axb3 f5 24.f3 Kf6 25.fxe4 Re8 26.Kd2 fxe4 27.Ke3 Re5 28.Rf1+ Ke6
29.Rf4 Rh5 30.Rxe4+ Kd6 31.h3 Rg5 32.Rg4 Re5+ 33.Kd3 Re7 34.Rh4 h6 35.Rg4 Rf7
36.Rg6+ Ke5 37.c4 Kf5 38.Rg4 Re7 39.Rd4 h5 40.b4 g6 41.c5 Re1 42.Kc4 Re2
43.g4+ hxg4 44.hxg4+ Ke5 45.Rd7 Re4+ 46.Kb5 a6+ 47.Ka5 Rxg4 48.Rxb7 g5 49.Kxa6 Rg2
50.c6 Rxb2 51.b5  1-0

[Event "TCh-AUT 2009-10"]
[Site "Jenbach AUT"]
[Date "2009.11.07"]
[Round "2"]
[White "Kurnosov,I"]
[Black "Boros,De"]
[Result "1-0"]
[WhiteElo "2666"]
[BlackElo "2494"]

1.e4 c5 2.Nf3 d6 3.d4 cxd4 4.Nxd4 Nf6 5.Nc3 Nc6 6.Bg5 e6 7.Qd2 a6 8.O-O-O Be7
9.f4 Qc7 10.Be2 Bd7 11.Nb3 b5 12.Bxf6 gxf6 13.Bh5 b4 14.Ne2 a5 15.Nbd4 Nxd4
16.Nxd4 a4 17.f5 b3 18.a3 e5 19.Ne6 Qc4 20.c3 Qxe4 21.Nc7+ Kf8 22.Rde1 Qc6
23.Qh6+ Kg8 24.Re3 Bxf5 25.Rg3+ Bg6 26.Bxg6 hxg6 27.Rxg6+  1-0

[Event "Casino GM"]
[Site "Barcelona ESP"]
[Date "2009.11.08"]
[Round "7"]
[White "Lopez Martinez,Josep"]
[Black "Almeida Quintana,O"]
[Result "1/2-1/2"]
[WhiteElo "2589"]
[BlackElo "2542"]

1.e4 c5 2.Nf3 d6 3.d4 cxd4 4.Nxd4 Nf6 5.Nc3 Nc6 6.Bg5 Bd7 7.Qd2 Rc8 8.O-O-O Nxd4
9.Qxd4 Qa5 10.f4 Rxc3 11.bxc3 e5 12.Qb4 Qxb4 13.cxb4 Nxe4 14.Bh4 g5 15.fxg5 Be7
16.Re1 Nxg5 17.Bc4 Bc6 18.Rd1 Rg8 19.Rhg1 Rg6 20.Kb2 f5 21.Bxg5 Bxg5 22.g3 Bf3
23.Rdf1 e4 24.Rxf3 exf3 25.Rf1 Bf6+ 26.Kb3 Rh6 27.Rxf3 Rxh2 28.Rxf5 Ke7 29.g4 Rg2
30.Rh5 Rxg4 31.Rxh7+ Rg7 32.Rxg7+ Bxg7 33.Bd5 b6 34.Kc4 Kd8 35.Kb5 Kc7 36.a4 Bf6
37.a5 bxa5 38.bxa5 Bd4 39.Kc4 Bf6 40.Kb5 Bd4  1/2-1/2

[Event "TCh-FIN 2009-10"]
[Site "Finland FIN"]
[Date "2009.11.14"]
[Round "4"]
[White "Nyysti,S"]
[Black "Tella,J"]
[Result "1/2-1/2"]
[WhiteElo "2365"]
[BlackElo "2428"]

1.e4 c5 2.Nf3 d6 3.d4 cxd4 4.Nxd4 Nf6 5.Nc3 Nc6 6.Bg5 e6 7.Qd2 Be7 8.O-O-O O-O
9.f4 h6 10.Bh4 e5 11.Nf5 Bxf5 12.exf5 exf4 13.Kb1 d5 14.Bxf6 Bxf6 15.Nxd5 Be5
16.Bc4 b5 17.Bb3 a5 18.a3 Rb8 19.Rhe1 Qh4 20.g3 fxg3 21.hxg3 Qd4 22.Qc1 Qg4
23.f6 Rfe8 24.Ne3 Qg5 25.Rd7 Rf8 26.fxg7 Bxg7 27.Nd5 Qxc1+  1/2-1/2

[Event "TCh-FIN 2009-10"]
[Site "Finland FIN"]
[Date "2009.11.14"]
[Round "4"]
[White "Raaste,E"]
[Black "Pulkkinen,K"]
[Result "1/2-1/2"]
[WhiteElo "2295"]
[BlackElo "2277"]

1.e4 c5 2.Nf3 d6 3.d4 cxd4 4.Nxd4 Nf6 5.Nc3 Nc6 6.Bg5 e6 7.Qd2 a6 8.O-O-O Bd7
9.f4 h6 10.Bxf6 Qxf6 11.Nb3 Qd8 12.Be2 Qc7 13.Kb1 Be7 14.h4 h5 15.Rh3 O-O-O
16.Rd3 Be8 17.g3 Kb8 18.Bf3 Rc8 19.a3 Na5 20.Nxa5 Qxa5 21.Ne2 Qxd2 22.R3xd2 Rc5
23.Nd4 g6  1/2-1/2

[Event "World Youth U18"]
[Site "Antalya TUR"]
[Date "2009.11.16"]
[Round "5"]
[White "Pavlidis,Ant"]
[Black "Hovhannisyan,R"]
[Result "1-0"]
[WhiteElo "2364"]
[BlackElo "2487"]

1.e4 c5 2.Nf3 d6 3.d4 cxd4 4.Nxd4 Nf6 5.Nc3 Nc6 6.Bg5 Bd7 7.Be2 Qa5 8.Bxf6 gxf6
9.O-O Nxd4 10.Qxd4 Rc8 11.a4 Qc5 12.Qd2 e6 13.Ra3 Rg8 14.Bb5 Bc6 15.Nd5 exd5
16.Rc3 Qb6 17.exd5 Bxb5 18.Rxc8+ Kd7 19.a5 Rxg2+ 20.Kh1 Bxf1 21.axb6 Rg8
22.Rxf8 Rxf8 23.Qd1 Ba6 24.Qg4+ Ke7 25.Qe4+ Kd7 26.bxa7 Ra8 27.Qxh7 Kc7 28.Qxf7+ Kb6
29.Qxf6 Kxa7 30.h4  1-0

[Event "World Youth U18"]
[Site "Antalya TUR"]
[Date "2009.11.16"]
[Round "5"]
[White "Poetsch,H"]
[Black "Salem,AR"]
[Result "1-0"]
[WhiteElo "2361"]
[BlackElo "2472"]

1.e4 c5 2.Nf3 d6 3.d4 cxd4 4.Nxd4 Nf6 5.Nc3 Nc6 6.Bg5 Qa5 7.Bb5 Bd7 8.Nb3 Qc7
9.O-O e6 10.Qd2 Be7 11.Rad1 a6 12.Be2 h6 13.Bf4 Ne5 14.Bg3 g5 15.f4 gxf4
16.Bxf4 b5 17.Bxh6 b4 18.Bg7 bxc3 19.Qd4 Rh4 20.Bxf6 Bxf6 21.Rxf6 cxb2 22.Qxb2 Rxe4
23.Bf3 Qa7+ 24.Kh1 Rh4 25.Bxa8 Ng4 26.Qd4 Qxa8 27.Kg1 Bc6 28.Rf4 e5 29.Re1 Kd7
30.Rxf7+ Ke6 31.Qf4 Qg8 32.Nd4+ Kd5 33.Qe4+ Kc5 34.Ne6+  1-0

[Event "FSGM November"]
[Site "Budapest HUN"]
[Date "2009.11.16"]
[Round "10"]
[White "Csiba,D"]
[Black "Paschall,W"]
[Result "1-0"]
[WhiteElo "2329"]
[BlackElo "2386"]

1.e4 c5 2.Nf3 Nc6 3.d4 cxd4 4.Nxd4 Nf6 5.Nc3 d6 6.Bg5 Bd7 7.Nb3 e6 8.Nb5 Qb8
9.Bxf6 gxf6 10.Qh5 a6 11.Nc3 Qa7 12.Bd3 Be7 13.O-O Ne5 14.Kh1 Rg8 15.f4 Nxd3
16.cxd3 Rg7 17.Rac1 Kf8 18.d4 Kg8 19.f5 Kh8 20.Ne2 Bc6 21.d5 exd5 22.exd5 Bxd5
23.Nf4 Be4 24.Rce1 d5 25.Nd2 Qd4 26.Nxe4 dxe4 27.Qe2 Bd6 28.Qxe4 Qxb2 29.Re2 Qb5
30.Nh5 Qe5 31.Qxe5 Bxe5 32.Nxg7 Kxg7 33.Rd1 Rc8 34.g3 h5 35.Rd7 b5 36.Kg2 Rc4
37.Red2 h4 38.gxh4 Rxh4 39.h3 Ra4 40.Kf1 Ra3 41.R7d3 Ra4 42.Rg2+ Kh7 43.Rd7 Rf4+
44.Rf2 Rh4 45.Rxf7+ Kh6 46.Rf8 Kg7 47.Ra8 Rxh3 48.Rg2+ Rg3 49.Rxg3+ Bxg3
50.Rxa6 Be5 51.Rb6 Kh6 52.Rxb5 Kg5 53.a4 Kxf5 54.a5  1-0

[Event "Vasylyshyn Mem"]
[Site "Lviv UKR"]
[Date "2009.12.02"]
[Round "8"]
[White "Erdogdu,M"]
[Black "Vovk,Y"]
[Result "1-0"]
[WhiteElo "2489"]
[BlackElo "2546"]

1.e4 c5 2.Nf3 Nc6 3.d4 cxd4 4.Nxd4 Nf6 5.Nc3 d6 6.Bg5 e6 7.Qd2 Be7 8.O-O-O Nxd4
9.Qxd4 a6 10.f3 b5 11.h4 Bb7 12.Kb1 Rc8 13.Qd2 O-O 14.Ne2 d5 15.e5 Nd7 16.f4 Nc5
17.Nd4 f6 18.exf6 gxf6 19.Bh6 Rf7 20.Be2 Bf8 21.Bxf8 Qxf8 22.Bg4 f5 23.Bf3 Rg7
24.Rhg1 Qf6 25.g4 fxg4 26.Bxg4 Kh8 27.Bh3 Rxg1 28.Rxg1 Rg8 29.Rxg8+ Kxg8
30.Qe3 Qxh4 31.Bxe6+ Kf8 32.Bh3 Qe7 33.Qg1 Qg7 34.Qf2 Qe7 35.Nf5 Ne4 36.Qd4 Qf6
37.Qa7 Qc6 38.Nd4 Qh6 39.Qb8+  1-0

[Event "2nd Dragon Capital"]
[Site "Ho Chi Minh City VIE"]
[Date "2009.12.03"]
[Round "2"]
[White "Dang Hoang Son"]
[Black "Chan Wei Xuan,T"]
[Result "0-1"]
[WhiteElo "2040"]
[BlackElo "2344"]

1.e4 c5 2.Nf3 Nc6 3.d4 cxd4 4.Nxd4 Nf6 5.Nc3 d6 6.Bg5 e6 7.Qd2 a6 8.Be2 Be7
9.O-O h6 10.Be3 e5 11.Nb3 O-O 12.f3 a5 13.Na4 Nd7 14.Bc4 Kh7 15.Rad1 Qc7
16.Bb5 b6 17.Nc3 Nf6 18.Qf2 Rb8 19.Rd2 Na7 20.Nxa5 Nxb5 21.Nxb5 Qd7 22.Nxd6 bxa5
23.Nf5 Qb7 24.Nxe7 Qxe7 25.Bc5 Qe8 26.Bxf8 Qxf8 27.b3 Be6  0-1

[Event "2nd Dragon Capital"]
[Site "Ho Chi Minh City VIE"]
[Date "2009.12.05"]
[Round "5"]
[White "Ashwin,J"]
[Black "Nguyen Huynh Minh Huy"]
[Result "1-0"]
[WhiteElo "2425"]
[BlackElo "2500"]

1.e4 c5 2.Nf3 d6 3.d4 cxd4 4.Nxd4 Nf6 5.Nc3 Nc6 6.Bg5 Bd7 7.Qd2 Rc8 8.O-O-O Nxd4
9.Qxd4 Qa5 10.Bd2 a6 11.Kb1 Qc5 12.Qxc5 Rxc5 13.f3 e6 14.Bf4 Rc6 15.Be2 h6
16.Rd3 e5 17.Bg3 Be6 18.f4 Bc4 19.Rd2 Bxe2 20.Rxe2 Rc5 21.Bh4 Be7 22.Bxf6 Bxf6
23.f5 Rxc3 24.bxc3 Kd7 25.Kb2 Rc8 26.Kb3 Rc5 27.c4 Rc6 28.Rd1 Bd8 29.Rd5 Bb6
30.Red2 Ke7 31.f6+ gxf6 32.R2d3 Bc5 33.Rh3 Rb6+ 34.Kc3 Bd4+ 35.Kd2 Rb2 36.Ra5 Bc5
37.a3 Rb1 38.Rxh6 Rg1 39.g3 Rg2+ 40.Kd3 Rf2 41.Rh8 Kd7 42.Rf8 Rxh2 43.Rxf7+ Kc6
44.Rxf6 Rh3 45.Rg6 Kb6 46.Ra4 a5 47.Rg8 Bf2 48.c5+ dxc5 49.Kc4 Rxg3 50.Rxg3 Bxg3
51.Kd5 Bf2 52.Rc4 Bd4 53.a4  1-0

[Event "New Years All-Ukrainian Open"]
[Site "Poltava UKR"]
[Date "2009.12.05"]
[Round "2"]
[White "Bilokha,S"]
[Black "Gasanov,E"]
[Result "0-1"]
[WhiteElo "2244"]
[BlackElo "2530"]

1.e4 c5 2.Nf3 Nc6 3.d4 cxd4 4.Nxd4 Nf6 5.Nc3 d6 6.Bg5 e6 7.Qd2 a6 8.O-O-O h6
9.Be3 Be7 10.f3 Nxd4 11.Bxd4 b5 12.a3 Bb7 13.Kb1 Bc6 14.Bf2 Nd7 15.Bg3 Ne5
16.Qd4 O-O 17.f4 Nd7 18.Be2 Qb8 19.Rhe1 a5 20.Na2 Qb7 21.Bf3 e5 22.Qd2 b4
23.axb4 axb4 24.Qxb4 Qa7 25.Qa3 Qxa3 26.bxa3 Rfb8+ 27.Ka1 Rxa3 28.Rb1 Rba8
29.Rb2 exf4 30.Bxf4 Bf6 31.e5 Bxf3 32.exf6 Bd5 33.Bxd6 Rxa2+ 34.Rxa2 Rxa2+
35.Kb1 Nxf6 36.Re5 Ra6 37.Be7 Bxg2 38.Re2 Nd5  0-1

[Event "New Years All-Ukrainian Open"]
[Site "Poltava UKR"]
[Date "2009.12.06"]
[Round "4"]
[White "Zinchenko,Ya"]
[Black "Maximov,D"]
[Result "1-0"]
[WhiteElo "2526"]
[BlackElo "2513"]

1.e4 c5 2.Nf3 d6 3.d4 cxd4 4.Nxd4 Nf6 5.Nc3 Nc6 6.Bg5 e6 7.Qd2 a6 8.O-O-O Bd7
9.f4 b5 10.Bxf6 gxf6 11.Kb1 Qb6 12.Nxc6 Bxc6 13.f5 O-O-O 14.Bd3 Kb8 15.Rhf1 b4
16.Ne2 e5 17.Ng3 h5 18.h4 Rg8 19.Nxh5 Be7 20.Qe2 d5 21.exd5 Rxd5 22.g4 Rd4
23.g5 fxg5 24.hxg5 Rxg5 25.Qxe5+ Bd6 26.Qh8+ Ka7 27.Qf6 Rg2 28.Qxf7+ Bb7
29.Ng7 Qc6 30.Qf6 Rd5 31.Rfe1 Qa4 32.b3 Qa5 33.Ne8 Bg3 34.Be4 Be5 35.Bxd5 Bxf6
36.Bxg2 Bxg2 37.Nxf6 Qxf5 38.Re7+ Bb7 39.Ne8 Qf3 40.Rdd7 Ka8 41.Rxb7 Qd1+
42.Kb2 Qd4+ 43.Kc1 Qa1+ 44.Kd2 Qc3+ 45.Kd1 Qd4+ 46.Ke2 Qg4+ 47.Ke3 Qg3+ 48.Ke4 Qg2+
49.Ke5 Qg5+ 50.Ke6 Qg4+ 51.Kf7 Qh5+ 52.Kg8 Qg6+ 53.Ng7 Qxc2 54.Rbc7  1-0

[Event "Open"]
[Site "Pilsen CZE"]
[Date "2009.12.08"]
[Round "5"]
[White "Ulanowski,K"]
[Black "Snaidr,J"]
[Result "1/2-1/2"]
[WhiteElo "1783"]
[BlackElo "2002"]

1.e4 c5 2.Nf3 d6 3.d4 cxd4 4.Nxd4 Nf6 5.Nc3 Nc6 6.Bg5 e6 7.Qd2 a6 8.O-O-O h6
9.Be3 Be7 10.f3 Bd7 11.Kb1 b5 12.Nxc6 Bxc6 13.Ne2 d5 14.Nd4 Bb7 15.e5 Nd7
16.f4 g6 17.g4 Bc5 18.f5 Bxd4 19.Bxd4 Qc7 20.fxe6 fxe6 21.Bd3 O-O-O 22.Bxg6 Nxe5
23.Bxe5 Qxe5 24.Rhe1 Qg5 25.Rxe6 Qxg4 26.Rf1 Rhf8 27.Rfe1 Kb8 28.Qxh6 Rh8
29.Qg7 Rhg8 30.Qe5+ Ka8 31.Bf7 Rgf8 32.Qc7 Qc4 33.Qxc4 dxc4 34.Re8 Ka7 35.Rxd8 Rxd8
36.h4 Rh8 37.h5 Bf3 38.Bg6 Kb6 39.b3 cxb3 40.axb3 a5 41.Re3 Bd5 42.Rh3 Rh6
43.Rh4 Kc5 44.Kc1 Bc6 45.c4 b4 46.Rf4 a4 47.bxa4 Bxa4 48.Kd2 Rh8 49.Bf7 Rd8+
50.Bd5 Rd6 51.Rf8 Kd4 52.Rb8 b3 53.Rb4 Be8 54.Rxb3 Bxh5 55.Rh3 Be8 56.Rd3+ Kc5
57.Kc3 Ra6 58.Kd2 Bc6 59.Ke3 Bxd5 60.cxd5 Kd6 61.Rd4 Ra1  1/2-1/2

[Event "ch-IND National A"]
[Site "Mumbai IND"]
[Date "2009.12.09"]
[Round "8"]
[White "Narayanan,Sr"]
[Black "Akshayraj,K"]
[Result "1-0"]
[WhiteElo "2370"]
[BlackElo "2394"]

1.e4 c5 2.Nf3 d6 3.d4 Nf6 4.Nc3 cxd4 5.Nxd4 Nc6 6.Bg5 e6 7.Qd2 a6 8.O-O-O Bd7
9.f3 Be7 10.h4 h6 11.Be3 h5 12.Bg5 Ne5 13.Qe1 Qc7 14.f4 Ng6 15.Nf3 b5 16.e5 dxe5
17.Nxe5 Nxe5 18.fxe5 Ng4 19.Bxe7 Kxe7 20.Ne4 a5 21.Nd6 Rhd8 22.Be2 Nxe5 23.Qg3 Be8
24.Qg5+ Kf8 25.Qxe5 f6 26.Qh2 Bg6 27.c3 b4 28.Nb5 Qc5 29.Qf4 e5 30.Qf3 Be8
31.Nd6 Bc6 32.Ne4 Bxe4 33.Qxe4 bxc3 34.Qc2 Qe3+ 35.Kb1 Rd2 36.Rxd2 cxd2 37.Qd3 Qxd3+
38.Bxd3 Re8 39.Bg6 Rd8 40.Kc2 Rd4 41.Rd1 Rc4+ 42.Kxd2 Rg4 43.Bxh5 Rxg2+ 44.Be2 Ke7
45.Ke3 Rh2 46.Rd5 a4 47.h5 Rh4 48.Ra5 Ke6 49.Ra7 f5 50.Rxg7 Rh3+ 51.Kf2 e4
52.Rg3 Rh2+ 53.Rg2 Rh3 54.Kg1  1-0

[Event "New Years All-Ukrainian Open"]
[Site "Poltava UKR"]
[Date "2009.12.09"]
[Round "7"]
[White "Solovchuk,A"]
[Black "Tverdohlebov,V"]
[Result "0-1"]
[WhiteElo "2294"]
[BlackElo "2383"]

1.e4 c5 2.Nf3 Nc6 3.d4 cxd4 4.Nxd4 Nf6 5.Nc3 d6 6.Bg5 e6 7.Qd2 a6 8.O-O-O h6
9.Bf4 Bd7 10.Nb3 Ne5 11.Qd4 Qc7 12.Bg3 Be7 13.Be2 b5 14.Rhe1 O-O 15.f4 Nc6
16.Qf2 b4 17.Na4 Nxe4 18.Qb6 Bd8 19.Qxc7 Bxc7 20.Bf3 Nxg3 21.hxg3 Rad8 22.Na1 Ne7
23.b3 Bxa4 24.bxa4 d5 25.Kb2 g5 26.fxg5 hxg5 27.g4 e5 28.Be2 a5 29.a3 bxa3+
30.Kxa3 Kg7 31.Nb3 Rh8 32.c4 Bd6+ 33.Kb2 Bb4 34.Rf1 Rh2 35.Bf3 e4 36.Bxe4 dxe4
37.Rxd8 Rxg2+ 38.Kb1 e3 39.Re8 e2 40.Rc1 f5 41.Nd4 Kf7 42.Rxe7+ Bxe7 43.Re1 Bc5
44.Nxe2 Bb4 45.Rf1 Rxe2 46.Rxf5+ Kg6  0-1

[Event "ch-IND National A"]
[Site "Mumbai IND"]
[Date "2009.12.10"]
[Round "9"]
[White "Ramnath,B"]
[Black "Abhay,T"]
[Result "1-0"]
[WhiteElo "2372"]
[BlackElo "2343"]

1.e4 c5 2.Nf3 Nc6 3.d4 cxd4 4.Nxd4 Nf6 5.Nc3 d6 6.Bg5 e6 7.Qd2 a6 8.O-O-O Be7
9.f3 Nxd4 10.Qxd4 b5 11.h4 Bb7 12.Kb1 O-O 13.Qd2 Rc8 14.Ne2 Qc7 15.Nd4 Rfd8
16.Bd3 Kf8 17.h5 h6 18.Bxh6 gxh6 19.Qxh6+ Ke8 20.e5 Ng8 21.Qg7 Bd5 22.Qxg8+ Kd7
23.Qg3 dxe5 24.Nb3 Rg8 25.Qf2 Bd6 26.h6 Rcd8 27.h7 Rh8 28.Be4 Bxe4 29.Nc5+ Ke8
30.Nxe4 Be7 31.Qg3 Kf8 32.Qh3 f6 33.Qxe6 Rxh7 34.Nxf6 Rxd1+ 35.Rxd1 Rf7 36.Nd7+ Kg7
37.Nxe5 Rf6 38.Qg4+  1-0

[Event "ch-IND National A"]
[Site "Mumbai IND"]
[Date "2009.12.10"]
[Round "9"]
[White "Himanshu,Sh"]
[Black "Bakre,T"]
[Result "1-0"]
[WhiteElo "2469"]
[BlackElo "2474"]

1.e4 c5 2.Nf3 d6 3.d4 cxd4 4.Nxd4 Nf6 5.Nc3 Nc6 6.Bg5 e6 7.Qd2 a6 8.O-O-O Bd7
9.f3 Be7 10.h4 Rc8 11.Kb1 b5 12.Nxc6 Bxc6 13.Ne2 h6 14.Be3 d5 15.e5 Nd7 16.Bd4 Bxh4
17.g4 Be7 18.f4 Qc7 19.Ng3 Bb7 20.g5 Nb6 21.Bd3 Nc4 22.Qg2 Bc5 23.Bxc5 Qxc5
24.gxh6 Ne3 25.hxg7 Rg8 26.Rh8 Ke7 27.Nf5+ exf5 28.Qg5+ Kd7 29.Rdh1 d4 30.Rxg8 Rxg8
31.Rh8 Qb4 32.Bxf5+ Kc7 33.a3 Qe1+ 34.Ka2 Bd5+ 35.b3 Bxb3+ 36.cxb3 Qd2+ 37.Kb1 Nd5
38.Rh3 Kb7 39.Bc2 Qxf4 40.Qxf4 Nxf4 41.Rf3 d3 42.Bd1 Ne6 43.Rxf7+ Kc6 44.b4 Nd4
45.Kc1 Kd5 46.Re7 Ke4 47.e6 Ke3 48.Kb2 Nf5 49.Rf7 Nxg7 50.e7 Ne6 51.Rf6 Nc7
52.Rf8 Rg2+ 53.Kc1 Kd4 54.Rc8  1-0